000 00962nam a2200229Ia 4500
001 11641
003 GE_BSU
008 181216s||||||||xx |||||||||||||| ||und||
020 _a1512–357X
040 _cGE_BSU
245 _aბიზნესი და მენეჯმენტი №2(39)2014
245 _bჟურნალი ბიზნესისა და მართვის ხელოვნების შესახებ
245 _cმთ.რედ: თემურ იობაშვილი
260 _aთბილისი
260 _bშპს "ააფ–მენეჯმენტი
260 _c2014
300 _a60გვ,30სმ;
653 _aბიზნესი და მენეჯმენტი
653 _aპერიოდიკა
653 _aჟურნალი ბიზნესისა და მართვის ხელოვნების შესახებ
942 _cCR
999 _c44827
_d44827